=LDR 00000nam 2200000 4500 =001 INLIS000000000044478 =005 20131008105925 =008 ***********************************Ind** =035 ##$$0010-101300000002400 =041 ##$$a Ind =082 ##$$a 320.4 =090 ##$$a 320.4 , Rai s =100 ##$$a Rais, M. Amien =245 ##$$a Suksesi =260 ##$$a 1997 $b Yogyakarta =850 ##$$a NBPNMAT